[Event "64 Villalba CC op 10th"]
[Site "Collado Villalba ESP"]
[Date "2025.08.08"]
[Round "5.7"]
[White "Pastor Alonso De Prado, Alberto"]
[Black "Alvarez Guerrero, Dylan"]
[Result "0-1"]
[WhiteElo "2003"]
[BlackElo "1800"]
[WhiteFideId "-1"]
[BlackFideId "-1"]
[PlyCount "50"]
[GameId "2209409645236446"]
[EventDate "2025.08.04"]
[EventType "swiss"]
[EventRounds "9"]
[EventCountry "ESP"]
[SourceTitle "Ajedrez en Madrid"]
[Source "lmi"]
[SourceDate "2025.08.04"]
[SourceVersion "1"]
[SourceVersionDate "2025.12.11"]
[SourceQuality "1"]

1. e4 d6 2. d4 Nf6 3. Nc3 g6 4. f4 Bg7 5. Bd3 O-O 6. Nf3 c5 7. dxc5 dxc5 8. e5 Nd5 9. Nxd5 Qxd5 10. Qe2 Nc6 11. c3 Qd7 12. Be3 b6 13. O-O-O Qc7 14. h3 Na5 15. g4 Bb7 16. Rhe1 Rfd8 17. Bf2 Qc6 18. Ng5 Qa4 19. f5 Qxa2 20. e6 Bxc3 21. exf7+ Kh8 22. Qe5+ Bxe5 23. Rxe5 Qa1+ 24. Kc2 Qa4+ 25. Kc1 Qf4+ 0-1

[Event "64 Villalba CC op 10th"]
[Site "Collado Villalba ESP"]
[Date "2025.08.08"]
[Round "5.8"]
[White "Aguilar Alvarez, Christoph Sebastian"]
[Black "Blanco Barrios, Aitana"]
[Result "0-1"]
[WhiteElo "1734"]
[BlackElo "1893"]
[WhiteFideId "-1"]
[BlackFideId "-1"]
[PlyCount "100"]
[GameId "2246905842651473"]
[EventDate "2025.08.04"]
[EventType "swiss"]
[EventRounds "9"]
[EventCountry "ESP"]
[SourceTitle "Ajedrez en Madrid"]
[Source "lmi"]
[SourceDate "2025.08.04"]
[SourceVersion "1"]
[SourceVersionDate "2025.12.11"]
[SourceQuality "1"]

1. d4 d5 2. c4 e6 3. Nc3 Nf6 4. Nf3 Be7 5. Bg5 c6 6. e3 Nbd7 7. Bd3 dxc4 8. Bxc4 b5 9. Bd3 Bb7 10. O-O a6 11. Ne4 Nxe4 12. Bxe7 Nxf2 13. Rxf2 Qxe7 14. Be4 Nf6 15. Qc2 Nxe4 16. Qxe4 O-O 17. Qc2 Rac8 18. Rc1 f6 19. Ne1 e5 20. Nd3 exd4 21. exd4 Rcd8 22. Nc5 Bc8 23. Re2 Qf7 24. Nb3 Be6 25. Qxc6 Bxb3 26. axb3 Rxd4 27. Qxa6 Qxb3 28. Rce1 Rd1 29. Qe6+ Qxe6 30. Rxe6 Rxe1+ 31. Rxe1 Kf7 32. Kf2 Rd8 33. Rc1 Rd5 34. Rc2 Ke6 35. Kf3 g5 36. g4 Ke5 37. Ke3 f5 38. gxf5 Kxf5 39. h3 h5 40. Rf2+ Kg6 41. Rc2 g4 42. hxg4 hxg4 43. Rc8 Kf6 44. Kf4 Rd4+ 45. Ke3 Rb4 46. Rc2 Kg5 47. Kf2 Kf4 48. Re2 g3+ 49. Kg2 Rb3 50. Kf1 Kf3 0-1

[Event "64 Villalba CC op 10th"]
[Site "Collado Villalba ESP"]
[Date "2025.08.08"]
[Round "5.9"]
[White "Armesto Robledo, Sebastian Carlos"]
[Black "Del Olmo Linares, Marco"]
[Result "1-0"]
[WhiteElo "1867"]
[BlackElo "1766"]
[WhiteFideId "-1"]
[BlackFideId "-1"]
[PlyCount "90"]
[GameId "2246944490959286"]
[EventDate "2025.08.04"]
[EventType "swiss"]
[EventRounds "9"]
[EventCountry "ESP"]
[SourceTitle "Ajedrez en Madrid"]
[Source "lmi"]
[SourceDate "2025.08.04"]
[SourceVersion "1"]
[SourceVersionDate "2025.12.11"]
[SourceQuality "1"]

1. Nf3 c5 2. b3 Nc6 3. Bb2 d6 4. e3 Nf6 5. d4 e6 6. dxc5 dxc5 7. Qxd8+ Nxd8 8. Bxf6 gxf6 9. Nbd2 f5 10. O-O-O Rg8 11. e4 fxe4 12. Nxe4 Be7 13. g3 Nc6 14. Bb5 Bd7 15. Nd6+ Bxd6 16. Rxd6 Ke7 17. Rhd1 Rad8 18. Bxc6 Bxc6 19. Rxd8 Rxd8 20. Rxd8 Kxd8 21. Ne5 Be8 22. Kd2 Ke7 23. c3 Kd6 24. f4 f6 25. Ng4 Ke7 26. a3 Bc6 27. b4 cxb4 28. cxb4 Bf3 29. Nf2 Kd6 30. Ke3 Bc6 31. Ne4+ Bxe4 32. Kxe4 Kc6 33. a4 a5 34. bxa5 Kc5 35. f5 e5 36. g4 Kd6 37. h4 Ke7 38. g5 Kf7 39. gxf6 Kxf6 40. h5 h6 41. a6 bxa6 42. a5 Kg5 43. Kxe5 Kxh5 44. f6 Kg6 45. Ke6 Kh7 1-0

[Event "64 Villalba CC op 10th"]
[Site "Collado Villalba ESP"]
[Date "2025.08.08"]
[Round "5.10"]
[White "Perez Gutierrez, Jose Antonio"]
[Black "Suarez Paz, Alfonso"]
[Result "0-1"]
[WhiteElo "1725"]
[BlackElo "1815"]
[WhiteFideId "-1"]
[BlackFideId "-1"]
[PlyCount "82"]
[GameId "2246946575475141"]
[EventDate "2025.08.04"]
[EventType "swiss"]
[EventRounds "9"]
[EventCountry "ESP"]
[SourceTitle "Ajedrez en Madrid"]
[Source "lmi"]
[SourceDate "2025.08.04"]
[SourceVersion "1"]
[SourceVersionDate "2025.12.11"]
[SourceQuality "1"]

1. c4 Nf6 2. g3 g6 3. Bg2 Bg7 4. Nc3 O-O 5. Nf3 c5 6. O-O Nc6 7. d4 cxd4 8. Nxd4 Qb6 9. Ndb5 d6 10. Be3 Qa5 11. a3 a6 12. b4 Qd8 13. Nd4 Bd7 14. Rc1 Ng4 15. Nxc6 Bxc6 16. Nd5 Nxe3 17. Nxe3 Bh6 18. Rc3 Bxe3 19. Rxe3 Bxg2 20. Kxg2 Qc7 21. Qd5 e6 22. Qd4 Rac8 23. Rc3 Rfd8 24. Rfc1 b6 25. e4 Qb7 26. f3 Rd7 27. h4 d5 28. exd5 exd5 29. c5 bxc5 30. Rxc5 Re8 31. Kf2 Qb6 32. Rd1 Qe6 33. g4 Qd6 34. f4 Qe7 35. Kg3 Qe2 36. Rc3 Rde7 37. Rdd3 h5 38. Rf3 hxg4 39. Kxg4 Re4 40. Qxd5 Qg2+ 41. Rg3 Rxf4+ 0-1

[Event "64 Villalba CC op 10th"]
[Site "Collado Villalba ESP"]
[Date "2025.08.08"]
[Round "5.11"]
[White "Camarero Izquierdo, Juan Carlos"]
[Black "Forteza Ribot, Juan"]
[Result "1-0"]
[WhiteElo "1806"]
[BlackElo "1633"]
[WhiteFideId "-1"]
[BlackFideId "-1"]
[PlyCount "63"]
[GameId "2248686194880566"]
[EventDate "2025.08.04"]
[EventType "swiss"]
[EventRounds "9"]
[EventCountry "ESP"]
[SourceTitle "Ajedrez en Madrid"]
[Source "lmi"]
[SourceDate "2025.08.04"]
[SourceVersion "1"]
[SourceVersionDate "2025.12.11"]
[SourceQuality "1"]

1. d4 Nf6 2. Nc3 g6 3. e4 d6 4. Be3 Bg7 5. Qd2 Nbd7 6. f4 Ng4 7. Nf3 Nxe3 8. Qxe3 b6 9. Bc4 Bb7 10. Ng5 e6 11. Bxe6 fxe6 12. Nxe6 Qe7 13. Nxc7+ Kd8 14. Nxa8 Bxa8 15. O-O Nf6 16. e5 g5 17. fxg5 Nd5 18. Qg3 dxe5 19. dxe5 Bxe5 20. Qd3 Qc5+ 21. Kh1 Bxc3 22. bxc3 Qxc3 23. Qd1 Kc8 24. Rf7 Bc6 25. Qg4+ Kb8 26. Rg1 Qxc2 27. Qg3+ Ka8 28. Qe5 Re8 29. Qg7 Qxa2 30. Ra1 Nf4 31. Rxa7+ Kb8 32. Qc7# 1-0

[Event "64 Villalba CC op 10th"]
[Site "Collado Villalba ESP"]
[Date "2025.08.08"]
[Round "5.12"]
[White "De Luna Butz, Alberto"]
[Black "De Juan Huarte, Federico"]
[Result "1-0"]
[WhiteElo "1789"]
[BlackElo "1597"]
[WhiteFideId "-1"]
[BlackFideId "-1"]
[PlyCount "69"]
[GameId "2248687355773015"]
[EventDate "2025.08.04"]
[EventType "swiss"]
[EventRounds "9"]
[EventCountry "ESP"]
[SourceTitle "Ajedrez en Madrid"]
[Source "lmi"]
[SourceDate "2025.08.04"]
[SourceVersion "1"]
[SourceVersionDate "2025.12.11"]
[SourceQuality "1"]

1. d4 d6 2. e4 Nf6 3. Nc3 g6 4. Be3 Bg7 5. Qd2 Nc6 6. Nf3 Ng4 7. Bg5 h6 8. Bh4 Nf6 9. h3 Nd7 10. Bb5 O-O 11. a3 Qe8 12. Nd5 Qd8 13. Bxc6 bxc6 14. Nxe7+ Kh7 15. Nxg6 Qe8 16. Nxf8+ Nxf8 17. Qd3 a5 18. O-O-O Ba6 19. Qe3 a4 20. e5 Ne6 21. Bf6 Bf8 22. Qe4+ Kg8 23. Rhe1 d5 24. Qg4+ Kh7 25. Re3 Bc8 26. Qh4 Ng7 27. Ng5+ Kg6 28. Bxg7 Kxg7 29. Rg3 Kh8 30. Qh5 Be6 31. f4 Bg7 32. f5 Kg8 33. Nxe6 fxe6 34. Qxe8+ Rxe8 35. f6 1-0

[Event "64 Villalba CC op 10th"]
[Site "Collado Villalba ESP"]
[Date "2025.08.08"]
[Round "5.13"]
[White "Rajadel Rebollido, Thalia"]
[Black "Pan, Angel Jiaye"]
[Result "1-0"]
[WhiteElo "1769"]
[BlackElo "1634"]
[WhiteFideId "-1"]
[BlackFideId "-1"]
[PlyCount "51"]
[GameId "2248702196879471"]
[EventDate "2025.08.04"]
[EventType "swiss"]
[EventRounds "9"]
[EventCountry "ESP"]
[SourceTitle "Ajedrez en Madrid"]
[Source "lmi"]
[SourceDate "2025.08.04"]
[SourceVersion "1"]
[SourceVersionDate "2025.12.11"]
[SourceQuality "1"]

1. e4 d5 2. exd5 Qxd5 3. Nc3 Qd6 4. d4 Nf6 5. Nf3 c6 6. Ne5 Bf5 7. Bf4 Qe6 8. Bc4 Nd5 9. Bxd5 cxd5 10. O-O f6 11. Nd3 g5 12. Nb5 Na6 13. Nc5 Qc6 14. Nxa6 gxf4 15. Qh5+ Kd8 16. Qxf5 bxa6 17. Nc3 Bg7 18. Qxd5+ Qxd5 19. Nxd5 Kd7 20. Nxf4 Rhc8 21. c3 Rab8 22. Nd3 Rb6 23. Rfe1 Rcc6 24. Re2 f5 25. Rae1 Re6 26. Nc5+ 1-0

[Event "64 Villalba CC op 10th"]
[Site "Collado Villalba ESP"]
[Date "2025.08.08"]
[Round "5.15"]
[White "Barahona Torrijos, Angel"]
[Black "Dorado Gregorio, Javier"]
[Result "1-0"]
[WhiteElo "1841"]
[BlackElo "1617"]
[WhiteFideId "-1"]
[BlackFideId "-1"]
[PlyCount "67"]
[GameId "2248705178222758"]
[EventDate "2025.08.04"]
[EventType "swiss"]
[EventRounds "9"]
[EventCountry "ESP"]
[SourceTitle "Ajedrez en Madrid"]
[Source "lmi"]
[SourceDate "2025.08.04"]
[SourceVersion "1"]
[SourceVersionDate "2025.12.11"]
[SourceQuality "1"]

1. e4 e6 2. d4 d5 3. Nc3 Bb4 4. e5 c5 5. Bd2 Bxc3 6. Bxc3 cxd4 7. Qxd4 Qg5 8. h4 Qg6 9. h5 Qe4+ 10. Qxe4 dxe4 11. Rh4 Ne7 12. Rxe4 Nd5 13. Bd2 a6 14. Rg4 Rg8 15. h6 g6 16. Bg5 Nd7 17. Nf3 f6 18. exf6 N7xf6 19. Rd4 b5 20. a4 bxa4 21. Raxa4 Bb7 22. c4 Nc3 23. bxc3 Bxf3 24. gxf3 Nd7 25. Bh3 Nc5 26. Ra3 Rf8 27. Ke2 Rc8 28. Rd6 Kf7 29. Raxa6 Nxa6 30. Bxe6+ Ke8 31. Bxc8 Nc5 32. Rd5 Na4 33. Bd7+ Kf7 34. Bxa4 1-0

[Event "64 Villalba CC op 10th"]
[Site "Collado Villalba ESP"]
[Date "2025.08.08"]
[Round "5.17"]
[White "Hewitt Alonso, Lucas"]
[Black "Candeleda Mayoral, Ramon"]
[Result "1/2-1/2"]
[WhiteElo "1475"]
[BlackElo "1620"]
[WhiteFideId "-1"]
[BlackFideId "-1"]
[PlyCount "98"]
[GameId "2248707497431222"]
[EventDate "2025.08.04"]
[EventType "swiss"]
[EventRounds "9"]
[EventCountry "ESP"]
[SourceTitle "Ajedrez en Madrid"]
[Source "lmi"]
[SourceDate "2025.08.04"]
[SourceVersion "1"]
[SourceVersionDate "2025.12.11"]
[SourceQuality "1"]

1. e4 c6 2. d4 d5 3. Nc3 dxe4 4. Nxe4 Nd7 5. Qe2 e6 6. Nf3 Ngf6 7. Bg5 Be7 8. Bxf6 Nxf6 9. g3 Qb6 10. b3 Nxe4 11. Qxe4 Qb4+ 12. Nd2 Bf6 13. a3 Qxd4 14. Qxd4 Bxd4 15. Rd1 Bc3 16. Bg2 O-O 17. O-O Rb8 18. a4 c5 19. Ne4 Bb4 20. c3 Ba5 21. Rd3 Bb6 22. Rfd1 f5 23. Nd6 Bc7 24. Nxc8 Rfxc8 25. Rd7 Kf8 26. Re1 e5 27. Bh3 g6 28. Rxh7 Bd6 29. Rd1 Rd8 30. Rh8+ Kg7 31. Rxd8 Rxd8 32. Bg2 Rd7 33. Bd5 Kf6 34. Bxb7 Rxb7 35. Rxd6+ Kf7 36. Rc6 Rxb3 37. Rxc5 Kf6 38. Rc6+ Kg5 39. h4+ Kh6 40. Rc7 e4 41. Kf1 Rb1+ 42. Ke2 Rb2+ 43. Ke3 Rb3 44. Rxa7 Rxc3+ 45. Kd2 Ra3 46. a5 Ra2+ 47. Ke1 Ra1+ 48. Ke2 Ra2+ 49. Kf1 Ra1+ 1/2-1/2

[Event "64 Villalba CC op 10th"]
[Site "Collado Villalba ESP"]
[Date "2025.08.08"]
[Round "5.19"]
[White "Anton Sanz, Jose Carlos"]
[Black "Lopez Pereira, Irene"]
[Result "0-1"]
[WhiteElo "1625"]
[BlackElo "1507"]
[WhiteFideId "-1"]
[BlackFideId "-1"]
[PlyCount "64"]
[GameId "2248710446547156"]
[EventDate "2025.08.04"]
[EventType "swiss"]
[EventRounds "9"]
[EventCountry "ESP"]
[SourceTitle "Ajedrez en Madrid"]
[Source "lmi"]
[SourceDate "2025.08.04"]
[SourceVersion "1"]
[SourceVersionDate "2025.12.11"]
[SourceQuality "1"]

1. d4 d5 2. Nf3 e6 3. e3 Nf6 4. Bd3 Be7 5. Nbd2 O-O 6. O-O c5 7. c3 Nbd7 8. Qe2 b6 9. e4 dxe4 10. Nxe4 Bb7 11. Bg5 Nxe4 12. Bxe7 Nxc3 13. Bxd8 Nxe2+ 14. Bxe2 Rfxd8 15. dxc5 Nxc5 16. Rfd1 Rac8 17. Rac1 Na4 18. Rxd8+ Rxd8 19. Rc7 Bxf3 20. gxf3 Ra8 21. b3 Nc5 22. f4 g6 23. Bf3 Rd8 24. Rxa7 Rd4 25. Ra8+ Kg7 26. Rb8 Rxf4 27. Kg2 Rb4 28. Kg3 Nd3 29. Be2 Nc1 30. Bc4 Nxa2 31. Rb7 Kf6 32. h4 Nc1 0-1

[Event "64 Villalba CC op 10th"]
[Site "Collado Villalba ESP"]
[Date "2025.08.09"]
[Round "6.1"]
[White "Ubilava, Elizbar"]
[Black "Elissalt Cardenas, Hector"]
[Result "1-0"]
[WhiteElo "2375"]
[BlackElo "2310"]
[WhiteFideId "-1"]
[BlackFideId "-1"]
[PlyCount "65"]
[GameId "2248711638913060"]
[EventDate "2025.08.04"]
[EventType "swiss"]
[EventRounds "9"]
[EventCountry "ESP"]
[SourceTitle "Ajedrez en Madrid"]
[Source "lmi"]
[SourceDate "2025.08.04"]
[SourceVersion "1"]
[SourceVersionDate "2025.12.11"]
[SourceQuality "1"]

1. e4 d6 2. d4 Nf6 3. Nc3 e5 4. dxe5 dxe5 5. Qxd8+ Kxd8 6. Bc4 Be6 7. Bxe6 fxe6 8. f3 a6 9. Nd1 Nc6 10. c3 b5 11. Nh3 Bd6 12. Nhf2 Ne7 13. a4 c5 14. axb5 Kc7 15. bxa6 Rhb8 16. Ne3 Rb6 17. a7 Rb7 18. Nc4 Rbxa7 19. Rxa7+ Rxa7 20. O-O Nc6 21. Be3 Be7 22. Nd3 Nd7 23. f4 Ra4 24. b3 Rxc4 25. bxc4 exf4 26. Nxf4 Nd8 27. Nd3 e5 28. Rf5 g6 29. Rf3 Ne6 30. Rf7 Bg5 31. Bf2 Kd6 32. Rxh7 Nf6 33. Ra7 1-0

[Event "64 Villalba CC op 10th"]
[Site "Collado Villalba ESP"]
[Date "2025.08.09"]
[Round "6.2"]
[White "Gutierrez Diaz, Pablo"]
[Black "Roa Alonso, Santiago"]
[Result "0-1"]
[WhiteElo "2023"]
[BlackElo "2349"]
[WhiteFideId "-1"]
[BlackFideId "-1"]
[PlyCount "64"]
[GameId "2249196678606923"]
[EventDate "2025.08.04"]
[EventType "swiss"]
[EventRounds "9"]
[EventCountry "ESP"]
[SourceTitle "Ajedrez en Madrid"]
[Source "lmi"]
[SourceDate "2025.08.04"]
[SourceVersion "1"]
[SourceVersionDate "2025.12.11"]
[SourceQuality "1"]

1. e4 d6 2. d4 Nf6 3. Nc3 g6 4. Be3 c6 5. f3 b5 6. a3 a6 7. g4 h5 8. g5 Nfd7 9. f4 Bb7 10. Nf3 c5 11. d5 Bg7 12. Qd2 Nb6 13. Be2 N8d7 14. O-O Qc7 15. Rab1 O-O 16. Nh4 Rae8 17. Qd1 Bxc3 18. bxc3 e6 19. Bxh5 exd5 20. f5 Rxe4 21. fxg6 Rxh4 22. Rxf7 d4 23. Bf2 Qc6 24. Bf3 Rg4+ 25. Bg3 Qxf3 26. Rxf3 Rxf3 27. Qe2 Ne5 28. cxd4 cxd4 29. Rxb5 d3 30. cxd3 axb5 31. d4 Rxd4 32. g7 Nbc4 0-1

[Event "64 Villalba CC op 10th"]
[Site "Collado Villalba ESP"]
[Date "2025.08.09"]
[Round "6.3"]
[White "Centeno Mendoza, Julio Stefano"]
[Black "Rodriguez Melendez, Juan Humbert"]
[Result "1-0"]
[WhiteElo "2118"]
[BlackElo "2125"]
[WhiteFideId "-1"]
[BlackFideId "-1"]
[PlyCount "69"]
[GameId "2249197404143733"]
[EventDate "2025.08.04"]
[EventType "swiss"]
[EventRounds "9"]
[EventCountry "ESP"]
[SourceTitle "Ajedrez en Madrid"]
[Source "lmi"]
[SourceDate "2025.08.04"]
[SourceVersion "1"]
[SourceVersionDate "2025.12.11"]
[SourceQuality "1"]

1. e4 c5 2. c3 Nf6 3. e5 Nd5 4. Bc4 Nb6 5. Bb3 c4 6. Bc2 Nc6 7. Nf3 d6 8. exd6 Qxd6 9. O-O Bg4 10. h3 Bh5 11. Re1 O-O-O 12. Na3 Qf6 13. Be4 Ne5 14. g4 Nxf3+ 15. Qxf3 Qxf3 16. Bxf3 Bg6 17. b3 cxb3 18. axb3 Bd3 19. c4 e6 20. Bb2 a6 21. Bc3 Rd7 22. Ra2 Rg8 23. Nc2 h5 24. Nb4 hxg4 25. hxg4 Be7 26. Nxa6 bxa6 27. Rxa6 Bd8 28. Rea1 Rb7 29. Bxb7+ Kxb7 30. Ra7+ Kc8 31. c5 Nd7 32. c6 Nb8 33. Be5 Nxc6 34. Rxf7 Ne7 35. Rxe7 1-0

[Event "64 Villalba CC op 10th"]
[Site "Collado Villalba ESP"]
[Date "2025.08.09"]
[Round "6.4"]
[White "Lorenzo Martin, Hector"]
[Black "Torres Torres, George Maycol"]
[Result "1-0"]
[WhiteElo "1930"]
[BlackElo "1919"]
[WhiteFideId "-1"]
[BlackFideId "-1"]
[PlyCount "51"]
[GameId "2249198160748676"]
[EventDate "2025.08.04"]
[EventType "swiss"]
[EventRounds "9"]
[EventCountry "ESP"]
[SourceTitle "Ajedrez en Madrid"]
[Source "lmi"]
[SourceDate "2025.08.04"]
[SourceVersion "1"]
[SourceVersionDate "2025.12.11"]
[SourceQuality "1"]

1. b3 e5 2. Bb2 Nc6 3. e3 Nf6 4. Bb5 d6 5. d4 Bd7 6. Bxc6 Bxc6 7. Nf3 Bxf3 8. gxf3 Nd7 9. Nd2 g6 10. dxe5 Bg7 11. Nc4 Nxe5 12. f4 Nxc4 13. Bxg7 Rg8 14. Qd4 Nb6 15. Bf6 Qd7 16. O-O-O Qe6 17. e4 Nd7 18. e5 c6 19. Qxd6 Nxf6 20. exf6 Qxd6 21. Rxd6 Kf8 22. Rd7 Re8 23. Rxb7 Re6 24. Rb8+ Re8 25. Rxe8+ Kxe8 26. Re1+ 1-0

[Event "64 Villalba CC op 10th"]
[Site "Collado Villalba ESP"]
[Date "2025.08.09"]
[Round "6.5"]
[White "Alvarez Lee, Felix"]
[Black "Mata Medina, Andres"]
[Result "1-0"]
[WhiteElo "1967"]
[BlackElo "1870"]
[WhiteFideId "-1"]
[BlackFideId "-1"]
[PlyCount "65"]
[GameId "2249292609441867"]
[EventDate "2025.08.04"]
[EventType "swiss"]
[EventRounds "9"]
[EventCountry "ESP"]
[SourceTitle "Ajedrez en Madrid"]
[Source "lmi"]
[SourceDate "2025.08.04"]
[SourceVersion "1"]
[SourceVersionDate "2025.12.11"]
[SourceQuality "1"]

1. d4 d5 2. c4 c6 3. Nf3 Nf6 4. e3 e6 5. Nc3 Be7 6. Qc2 O-O 7. b3 b6 8. Bb2 Bb7 9. Bd3 c5 10. cxd5 Nxd5 11. Nxd5 Bxd5 12. Bxh7+ Kh8 13. Be4 Nc6 14. Bxd5 Nb4 15. Qe2 Qxd5 16. a3 Nc6 17. dxc5 Qxb3 18. h4 Bf6 19. Ng5 Bc3+ 20. Kf1 g6 21. Bxc3+ Qxc3 22. Rd1 Qxc5 23. Ne4 Qe5 24. Ng5 Rad8 25. Rxd8 Nxd8 26. g3 Kg7 27. f4 Qa1+ 28. Kg2 Qxa3 29. h5 Rh8 30. Qd2 Qe7 31. h6+ Rxh6 32. Rxh6 Kxh6 33. Qxd8 1-0

[Event "64 Villalba CC op 10th"]
[Site "Collado Villalba ESP"]
[Date "2025.08.09"]
[Round "6.6"]
[White "Vega De Alba, Miguel"]
[Black "Armesto Robledo, Sebastian Carlos"]
[Result "1-0"]
[WhiteElo "1917"]
[BlackElo "1867"]
[WhiteFideId "-1"]
[BlackFideId "-1"]
[PlyCount "71"]
[GameId "2249293455618166"]
[EventDate "2025.08.04"]
[EventType "swiss"]
[EventRounds "9"]
[EventCountry "ESP"]
[SourceTitle "Ajedrez en Madrid"]
[Source "lmi"]
[SourceDate "2025.08.04"]
[SourceVersion "1"]
[SourceVersionDate "2025.12.11"]
[SourceQuality "1"]

1. Nf3 g6 2. g3 Bg7 3. d4 Nf6 4. Bg2 d6 5. O-O c6 6. c4 Nbd7 7. Nc3 Qc7 8. e4 e5 9. h3 a6 10. Be3 b5 11. cxb5 axb5 12. dxe5 dxe5 13. Rc1 Rb8 14. Nd5 Qd6 15. Nxf6+ Qxf6 16. Qc2 Bb7 17. Rfd1 Qe7 18. Qd2 Nf6 19. Nxe5 O-O 20. Nxc6 Bxc6 21. Rxc6 Nxe4 22. Bxe4 Qxe4 23. Rd6 Rfe8 24. Bd4 Bf8 25. Rd7 Qe6 26. Qf4 Rbd8 27. Qf6 Qxf6 28. Bxf6 Ra8 29. Rb7 Re6 30. Bg5 h6 31. Be3 Rxa2 32. Rd8 Rd6 33. Rxf8+ Kxf8 34. Bc5 Raa6 35. Bxd6+ Ke8 36. Ba3 1-0

[Event "64 Villalba CC op 10th"]
[Site "Collado Villalba ESP"]
[Date "2025.08.09"]
[Round "6.7"]
[White "Suarez Paz, Alfonso"]
[Black "Blanco Barrios, Aitana"]
[Result "1/2-1/2"]
[WhiteElo "1815"]
[BlackElo "1893"]
[WhiteFideId "-1"]
[BlackFideId "-1"]
[PlyCount "93"]
[GameId "2249317394723053"]
[EventDate "2025.08.04"]
[EventType "swiss"]
[EventRounds "9"]
[EventCountry "ESP"]
[SourceTitle "Ajedrez en Madrid"]
[Source "lmi"]
[SourceDate "2025.08.04"]
[SourceVersion "1"]
[SourceVersionDate "2025.12.11"]
[SourceQuality "1"]

1. e4 c6 2. d4 d5 3. exd5 cxd5 4. Nf3 Nc6 5. Be2 Bg4 6. c3 e6 7. O-O Bd6 8. Nbd2 Nge7 9. h3 Bh5 10. b3 O-O 11. Bb2 Rc8 12. Nh4 Bxe2 13. Qxe2 Bb8 14. g3 a6 15. Ndf3 b5 16. Rac1 Qb6 17. Rc2 Bd6 18. Rfc1 Rc7 19. Ne5 Rfc8 20. Nhf3 Bxe5 21. Nxe5 Nxe5 22. Qxe5 f6 23. Qe2 Kf7 24. Ba3 Nf5 25. Bc5 Qc6 26. b4 Nd6 27. Qh5+ Kg8 28. f3 Nf5 29. Kf2 Qe8 30. Qxe8+ Rxe8 31. Re1 Rd7 32. Rce2 Kf7 33. f4 Nd6 34. Bxd6 Rxd6 35. f5 Rc6 36. Re3 g6 37. fxg6+ hxg6 38. h4 Ra8 39. Ke2 a5 40. a3 axb4 41. axb4 Ra2+ 42. Kd3 Rca6 43. R3e2 Rxe2 44. Rxe2 Ra1 45. Re3 Ra2 46. Re2 Rxe2 47. Kxe2 1/2-1/2

[Event "64 Villalba CC op 10th"]
[Site "Collado Villalba ESP"]
[Date "2025.08.09"]
[Round "6.8"]
[White "Alvarez Guerrero, Dylan"]
[Black "Rodriguez Del Pino, Daniel"]
[Result "1-0"]
[WhiteElo "1800"]
[BlackElo "1872"]
[WhiteFideId "-1"]
[BlackFideId "-1"]
[PlyCount "95"]
[GameId "2249331041669367"]
[EventDate "2025.08.04"]
[EventType "swiss"]
[EventRounds "9"]
[EventCountry "ESP"]
[SourceTitle "Ajedrez en Madrid"]
[Source "lmi"]
[SourceDate "2025.08.04"]
[SourceVersion "1"]
[SourceVersionDate "2025.12.11"]
[SourceQuality "1"]

1. d4 Nf6 2. Bf4 c5 3. e3 Qb6 4. Na3 d6 5. Nc4 Qc7 6. c3 g6 7. Nf3 Bg7 8. Be2 O-O 9. h3 Nbd7 10. O-O b5 11. Ncd2 a6 12. a4 bxa4 13. Qxa4 cxd4 14. cxd4 e5 15. dxe5 dxe5 16. Bh2 Nd5 17. Nc4 N7b6 18. Qa5 Nxc4 19. Qxc7 Nxc7 20. Bxc4 Re8 21. Ra5 Be6 22. Bxe6 Nxe6 23. Bxe5 Bxe5 24. Nxe5 Reb8 25. Rfa1 Rxb2 26. Rxa6 Rxa6 27. Rxa6 Rb7 28. h4 Kg7 29. Kh2 Rb5 30. Nc4 Rb7 31. Kh3 Rc7 32. Nd6 Rd7 33. Ne8+ Kf8 34. Nf6 Rd8 35. Nxh7+ Kg7 36. Ng5 Nxg5+ 37. hxg5 Rd2 38. Rf6 Rd5 39. Kg4 Ra5 40. f4 Ra3 41. Kf3 Ra4 42. Rd6 Rb4 43. g4 Rb1 44. f5 gxf5 45. gxf5 Rb5 46. Kf4 Rb4+ 47. e4 Rb1 48. g6 1-0

[Event "64 Villalba CC op 10th"]
[Site "Collado Villalba ESP"]
[Date "2025.08.09"]
[Round "6.9"]
[White "Palomino Menendez, Salvador"]
[Black "Camarero Izquierdo, Juan Carlos"]
[Result "1/2-1/2"]
[WhiteElo "1980"]
[BlackElo "1806"]
[WhiteFideId "-1"]
[BlackFideId "-1"]
[PlyCount "41"]
[GameId "2249335756984601"]
[EventDate "2025.08.04"]
[EventType "swiss"]
[EventRounds "9"]
[EventCountry "ESP"]
[SourceTitle "Ajedrez en Madrid"]
[Source "lmi"]
[SourceDate "2025.08.04"]
[SourceVersion "1"]
[SourceVersionDate "2025.12.11"]
[SourceQuality "1"]

1. e4 c5 2. Nf3 d6 3. c3 e6 4. d4 d5 5. exd5 Qxd5 6. c4 Qd6 7. dxc5 Qxd1+ 8. Kxd1 Bxc5 9. Be3 Bxe3 10. fxe3 Nc6 11. Nd4 Bd7 12. Nc3 a6 13. Be2 Nf6 14. Bf3 O-O-O 15. Nxc6 Bxc6+ 16. Ke2 Bxf3+ 17. gxf3 Rd7 18. Rad1 Rhd8 19. Rxd7 Rxd7 20. Rd1 Rxd1 21. Kxd1 1/2-1/2

[Event "64 Villalba CC op 10th"]
[Site "Collado Villalba ESP"]
[Date "2025.08.09"]
[Round "6.10"]
[White "De Luna Butz, Alberto"]
[Black "Rajadel Rebollido, Thalia"]
[Result "0-1"]
[WhiteElo "1789"]
[BlackElo "1769"]
[WhiteFideId "-1"]
[BlackFideId "-1"]
[PlyCount "124"]
[GameId "2252008646046388"]
[EventDate "2025.08.04"]
[EventType "swiss"]
[EventRounds "9"]
[EventCountry "ESP"]
[SourceTitle "Ajedrez en Madrid"]
[Source "lmi"]
[SourceDate "2025.08.04"]
[SourceVersion "1"]
[SourceVersionDate "2025.12.11"]
[SourceQuality "1"]

1. d4 d5 2. c4 e6 3. Nc3 f5 4. Bf4 c6 5. e3 Nf6 6. Bd3 Be7 7. h3 O-O 8. Nf3 Ne4 9. Bxe4 fxe4 10. Ne5 Nd7 11. O-O Bf6 12. Nxd7 Bxd7 13. Bd6 Be7 14. Bxe7 Qxe7 15. c5 e5 16. b4 Qg5 17. Kh2 Qh4 18. Qe1 exd4 19. exd4 Bxh3 20. f4 Qxe1 21. Raxe1 Bg4 22. Kg3 h5 23. Nd1 Bxd1 24. Rxd1 a5 25. Kh4 axb4 26. Kxh5 Rxa2 27. g4 b3 28. Rb1 Rh2+ 29. Kg5 b2 30. Rfe1 Ra8 31. Kf5 Ra4 32. Ke5 Rd2 33. g5 Raxd4 34. Rxb2 Rxb2 35. Kxd4 Rb4+ 36. Ke5 Rb5 37. Kd6 Rb3 38. Kc7 e3 39. Kd6 d4 40. Ke5 Rb4 41. Ke4 g6 42. Kd3 Kf7 43. Rh1 Ke6 44. Ke4 e2 45. Re1 Rb2 46. Kxd4 Kf5 47. Kc3 Ra2 48. Kb3 Rd2 49. Kc3 Rd5 50. Kc4 Kxf4 51. Rxe2 Rd1 52. Rg2 Rc1+ 53. Kd4 Rd1+ 54. Kc4 Rb1 55. Kc3 Kf3 56. Rh2 Rg1 57. Rh7 Rxg5 58. Rxb7 Rxc5+ 59. Kd4 Rd5+ 60. Kc4 g5 61. Rf7+ Kg3 62. Rf6 Rd1 0-1